[Event "Tourn. n8908"]
[Site "www.chess-mail.com"]
[Date "2016.09.09"]
[Round "1"]
[White "Cal"]
[Black "Ison"]
[WhiteElo "1770"]
[BlackElo "1780"]
[Result "0-1"]
[Round "1"]
1.c4 e5
2.e4 Ng8f6
3.d3 Bf8b4
4.Bc1d2 Bb4xd2
5.Nb1xd2 d6
6.a3 Nb8c6
7.h3 O-O
8.Ng1f3 Bc8e6
9.b4 a6
10.Bf1e2 h6
11.O-O Qd8d7
12.Rf1e1 Ra8d8
13.Nd2b3 Nc6e7
14.Ra1c1 Qd7a4
15.Nf3h4 Qa4xa3
16.Qd1c2 Qa3xb4
17.Nb3d2 Ne7c6
18.Nd2b3 a5
19.Nb3d2 Nc6d4
20.Qc2d1 Rd8a8
21.Nd2f3 Nd4xe2
22.Re1xe2 a4
23.Rc1b1 Qb4c5
24.Kh2 b6
25.Rb1b5 Qc5a3
26.Re2b2 Be6d7
27.Rb5b4 Ra8b8
28.Qd1c1 Qa3xd3
29.Nh4f5 Bd7xf5
30.exf5 Qd3xf5
31.Rb4xa4 Rb8a8
32.Rb2a2 Ra8xa4
33.Ra2xa4 e4
34.Nf3d4 Qf5xf2
35.Nd4c6 e3
36.Nc6e7 Kh8
37.Ne7d5 Nf6xd5
38.cxd5 e2
39.Ra4e4 f5
40.Re4f4 e1Q
41.Qc1xe1 Qf2xe1
42.h4 Qe1e5
43.g3 Rf8a8
44.Rf4c4 Ra8a2
45.Kh3 Ra2a3
46.Kg2 Qe5xg3
47.Kf1 Qg3d3
{ resign }
0-1

[Event "Tourn. n8924"]
[Site "www.chess-mail.com"]
[Date "2016.09.09"]
[Round "1"]
[White "Pariolinius"]
[Black "Nulladies"]
[WhiteElo "1800"]
[BlackElo "1740"]
[Result "1-0"]
[Round "1"]
1.d4 Ng8f6
2.c4 e6
3.Nb1c3 d5
4.Bc1g5 Bf8e7
5.e3 h6
6.Bg5h4 c6
7.Ng1f3 Qd8b6
8.Qd1c2 Nb8a6
9.a3 c5
10.Bf1e2 Bc8d7
11.O-O Qb6c7
12.Bh4g3 Be7d6
13.Nf3e5 Nf6g8
14.b3 Ng8e7
15.Ra1d1 cxd4
16.exd4 f6
17.Ne5g6 Ne7xg6
18.Qc2xg6 Kf8
19.Bg3xd6 Qc7xd6
20.c5 Bd7e8
21.Qg6xe8 Ra8xe8
22.cxd6 Na6b8
23.Nc3b5 a6
24.Nb5c7 Re8d8
25.Nc7xe6 Ke8
26.Be2h5 Kd7
27.Ne6xd8 Kxd8
28.Rf1e1 Nb8d7
29.Re1e7 { resign }
1-0

[Event "Tourn. n8847"]
[Site "www.chess-mail.com"]
[Date "2016.09.09"]
[Round "1"]
[White "A27l"]
[Black "Bjonil60"]
[WhiteElo "1230"]
[BlackElo "1350"]
[Result "0-1"]
[Round "1"]
1.e4 Nb8c6
2.d3 e6
3.Ng1f3 h6
4.c3 a6
5.Bf1e2 f6
6.O-O e5
7.h3 g6
8.Bc1e3 g5
9.Nf3h2 Ng8e7
10.g4 d6
11.b4 Nc6a7
12.Be3xa7 Ra8xa7
13.Nb1a3 Ne7c6
14.f3 Nc6e7
15.Na3c2 b6
16.c4 c6
17.a4 b5
18.axb5 cxb5
19.cxb5 Qd8b6
20.Kg2 Qb6xb5
21.Ra1a5 Qb5b6
22.Qd1e1 Ne7c6
23.Ra5a4 Bc8d7
24.Ra4a1 Bd7e6
25.Ra1b1 Ra7b7
26.Qe1d2 a5
27.bxa5 Qb6a6
28.Rb1xb7 Qa6xb7
29.Rf1a1 Be6b3
30.Nc2e3 Bb3f7
31.Nh2f1 { time. }
0-1

[Event "Tourn. n8931"]
[Site "www.chess-mail.com"]
[Date "2016.09.09"]
[Round "1"]
[White "Ison"]
[Black "Jhzes"]
[WhiteElo "1960"]
[BlackElo "1920"]
[Result "1-0"]
[Round "1"]
1.e4 e5
2.Ng1f3 Nb8c6
3.Bf1c4 Bf8c5
4.c3 Qd8f6
5.O-O Ng8e7
6.d3 h6
7.Bc1e3 Bc5xe3
8.fxe3 O-O
9.d4 d6
10.Nf3xe5  { time }
1-0

[Event "Tourn. n8851"]
[Site "www.chess-mail.com"]
[Date "2016.09.09"]
[Round "1"]
[White "Szustan"]
[Black "Obisporey"]
[WhiteElo "2580"]
[BlackElo "2590"]
[Result "1/2-1/2"]
[Round "1"]
1.e4 c5
2.c3 Ng8f6
3.e5 Nf6d5
4.d4 cxd4
5.Ng1f3 e6
6.cxd4 d6
7.Nb1c3 Nd5xc3
8.bxc3 Qd8c7
9.Bc1d2 Nb8d7
10.Bf1d3 dxe5
11.O-O Bf8e7
12.Nf3xe5 Nd7xe5
13.Bd2f4 Be7d6
14.dxe5 Bd6xe5
15.Bd3b5 Ke7
16.Bf4xe5 Qc7xe5
17.Qd1b3 f6
18.Ra1e1 Qe5c7
19.Bb5c4 Rh8e8
20.Bc4xe6 Bc8xe6
21.Re1xe6 Kf8
22.Rf1e1 Re8xe6
23.Re1xe6 Ra8d8
24.g3 Rd8d3
25.Qb3b5 Rd3d1
26.Kg2 Qc7d7
27.Qb5c5 Kf7
28.Re6e7 Qd7xe7
29.Qc5h5 g6
30.Qh5xd1 Qe7e6
31.Qd1f3 Qe6d7
32.c4 b6
33.h4 Kg7
34.Qf3e4 { draw }
1/2-1/2

[Event "Match"]
[Site "www.echecsemail.com"]
[Date "2016.09.09"]
[Round "1"]
[White "Stevep84"]
[Black "Wagner"]
[WhiteElo "2210"]
[BlackElo "1810"]
[Result "1-0"]
[Round "1"]
1.e4 e5
2.Ng1f3 d6
3.d4 Nb8d7
4.Bf1c4 h6
5.O-O a6
6.Nb1c3 c6
7.Bc1e3 Nd7b6
8.Bc4b3 Bc8g4
9.h3 Bg4xf3
10.Qd1xf3 Ng8f6
11.Ra1d1 Qd8e7
12.dxe5 Qe7xe5
13.Be3xb6 g5
14.Bb6d4 g4
15.Qf3xf6 Qe5xf6
16.Bd4xf6 Rh8g8
17.Rf1e1 gxh3
18.g3 Rg8g6
19.e5 d5
20.Nc3a4 Bf8b4
21.c3 Bb4a5
22.Na4c5 Ba5b6
23.Nc5xb7 Rg6xg3
24.Kh2 Bb6xf2
25.Nb7d6 Kd7
26.Bf6h4 Bf2xe1
27.Bh4xg3 Be1xg3
28.Kxg3 f6
29.Nd6f7 h5
30.Kxh3 Ra8f8
31.Nf7h6 fxe5
32.c4 d4
33.Kh4 c5
34.Kxh5 e4
35.Kg4 e3
36.Nh6f5 Ke6
37.Nf5xe3 dxe3
38.Rd1e1 { resign }
1-0

[Event "Match"]
[Site "www.echecsemail.com"]
[Date "2016.09.09"]
[Round "1"]
[White "4m6az"]
[Black "Vitoriccardo"]
[WhiteElo "1809"]
[BlackElo "2040"]
[Result "1-0"]
[Round "1"]
1.b3 e5
2.e4 Ng8f6
3.Bc1b2 Nb8c6
4.Qd1e2 Bf8c5
5.h3 O-O
6.Ng1f3 Rf8e8
7.d3 Nc6d4
8.Nf3xd4 Bc5xd4
9.Bb2xd4 exd4
10.Nb1d2 Nf6d5
11.Nd2f3 Nd5c3
12.Qe2d2 c5
13.a3 d5
14.e5 Bc8f5
15.Qd2f4 Bf5g6
16.g4 b5
17.b4 c4
18.h4 f6
19.h5 Bg6f7
20.dxc4 dxc4
21.Bf1g2 Bf7d5
22.Qf4xd4 Bd5xf3
23.Qd4xd8 Ra8xd8
24.Bg2xf3 Re8xe5
25.Kf1 Rd8d2
26.Ra1c1 f5
27.g5 Nc3d5
28.Rc1e1 Re5xe1
29.Kxe1 c3
30.Rh1h3 Nd5f4
31.Rh3g3 Rd2xc2
32.Bf3d1 Rc2c1
33.Rg3g1 Nf4d3
34.Ke2 Nd3b2
35.Bd1b3 { resign }
1-0

[Event "Match"]
[Site "www.echecsemail.com"]
[Date "2016.09.09"]
[Round "1"]
[White "Ranjachess"]
[Black "Rindrandria"]
[WhiteElo "1750"]
[BlackElo "1680"]
[Result "1-0"]
[Round "1"]
1.e4 a6
2.Nb1c3 b5
3.d4 d5
4.Nc3xd5 Bc8b7
5.Qd1f3 f5
6.Qf3xf5 g6
7.Qf5e5 Ng8f6
8.Nd5xf6 Kf7
9.Nf6d5 Bf8g7
10.Qe5f4 Kg8
11.Nd5xc7 e5
12.Nc7e6 Qd8d6
13.Qf4g4 h5
14.Qg4xg6 Rh8h7
15.Bc1h6 Bb7xe4
16.Qg6e8 Bg7f8
17.Bh6xf8 Be4c6
18.Qe8g6 Kh8
19.Bf8xd6 Nb8d7
20.Bd6xe5 Nd7xe5
21.dxe5 Ra8g8
22.Ne6g7 Bc6xg2
23.Qg6xg2 Rh7xg7
24.Qg2d5 Rg8b8
25.O-O-O a5
26.Bf1xb5 Rg7b7
27.e6 Rb7xb5
28.Qd5xb5 Rb8xb5
29.e7 Rb5e5
30.Rd1d8 Kg7
31.e8Q Re5xe8
32.Rd8xe8 Kf6
33.Ng1f3 Kf5
34.Rh1d1 Kg4
35.Re8f8 h4
36.Nf3xh4 Kxh4
37.Rd1g1 Kh3
38.Rf8h8 
1-0

[Event "Match"]
[Site "www.echecsemail.com"]
[Date "2016.09.09"]
[Round "1"]
[White "Liencam2"]
[Black "Karpov35"]
[WhiteElo "2330"]
[BlackElo "1809"]
[Result "1-0"]
[Round "1"]
1.e4 g6
2.d4 Bf8g7
3.Nb1c3 d6
4.f4 e5
5.dxe5 dxe5
6.Qd1xd8 Kxd8
7.Ng1f3 Nb8d7
8.Bf1c4 exf4
9.Bc1xf4 Ng8h6
10.Bf4xh6 Bg7xh6
11.Bc4xf7 Rh8f8
12.Bf7c4 c6
13.O-O Kc7
14.Nf3d4 Nd7e5
15.Rf1xf8 Bh6xf8
16.Bc4e6 Bc8xe6
17.Nd4xe6 Kd6
18.Ne6xf8 Ra8xf8
19.Ra1d1 Ke6
20.Nc3e2 c5
21.b3 Rf8f7
22.h3 h6
23.c4 a6
24.Ne2c3 Ne5c6
25.Rd1f1 Rf7xf1
26.Kxf1 Ke5
27.Kf2 Kd4
28.Nc3d5 Kxe4
29.Nd5f6 Kd3
30.Nf6d7 Kd4
31.Nd7f8 Nc6e5
32.Nf8e6 Kc3
33.Ne6xc5 b5
34.cxb5 axb5
35.Ke3 Kb4
36.Ke4 Ne5f7
37.Kd5 Ka3
38.Ke6 { resign }
1-0

[Event "1/16 Finale"]
[Site "www.chess-mail.com"]
[Date "2016.09.09"]
[Round "1"]
[White "Seger"]
[Black "Picifarkinca"]
[WhiteElo "2790"]
[BlackElo "2060"]
[Result "1-0"]
[Round "1"]
1.d4 Ng8f6
2.c4 e6
3.Nb1c3 d5
4.Ng1f3 c6
5.e3 Nb8d7
6.Qd1c2 Bf8d6
7.Bf1d3 O-O
8.O-O Rf8e8
9.e4 dxc4
10.Bd3xc4 { resign }
1-0

[Event "Tourn. n8947"]
[Site "www.chess-mail.com"]
[Date "2016.09.10"]
[Round "1"]
[White "4m6az"]
[Black "Ison"]
[WhiteElo "1809"]
[BlackElo "2000"]
[Result "0-1"]
[Round "1"]
1.c4 Ng8f6
2.Nb1c3 g6
3.d4 Bf8g7
4.Bc1f4 d6
5.g3 O-O
6.e4 Nb8d7
7.Bf1g2 e5
8.Bf4g5 h6
9.Bg5xf6 Bg7xf6
10.d5 Nd7b6
11.b3 c6
12.a4 cxd5
13.cxd5 Nb6d7
14.b4 Qd8c7
15.Nc3b5 Qc7b6
16.Bg2f1 a5
17.Qd1b3 axb4
18.Qb3xb4 Nd7c5
19.a5 Qb6d8
20.Ra1b1 Bf6e7
21.f3 Qd8xa5
22.Qb4xa5 Ra8xa5
23.Ng1h3 Bc8d7
24.Nh3f2 Bd7xb5
25.Bf1xb5 Rf8a8
26.O-O Be7g5
27.Rf1e1 Bg5d2
28.Re1e2 Bd2c3
29.Bb5c4 Bc3d4
30.Kg2 Ra5a4
31.Bc4b3 Ra4b4
32.Nf2g4 Rb4xb3
33.Rb1xb3 Nc5xb3
34.Ng4xh6 Kg7
35.Nh6g4 b5
36.h4 b4
37.f4 Nb3c5
38.f5 b3
39.fxg6 fxg6
40.Kh3 b2
{ resign }
0-1

[Event "Tourn. n8953"]
[Site "www.chess-mail.com"]
[Date "2016.09.10"]
[Round "1"]
[White "Bojan"]
[Black "4m6az"]
[WhiteElo "1960"]
[BlackElo "1950"]
[Result "1-0"]
[Round "1"]
1.e4 c5
2.Ng1f3 e6
3.e5 Nb8c6
4.c3 d6
5.exd6 Bf8xd6
6.d4 cxd4
7.Nf3xd4 Nc6xd4
8.Qd1xd4 e5
9.Qd4c4 a6
10.Bf1e2 Bc8e6
11.Qc4a4 b5
12.Qa4d1 Ng8f6
13.Bc1g5 O-O
14.Be2f3 Ra8b8
15.Nb1d2 Bd6e7
16.Qd1e2 Qd8d6
17.Ra1d1 Be6xa2
18.Nd2e4 Qd6e6
19.Ne4xf6 Be7xf6
20.Bf3g4 Qe6c6
21.Bg4f3 Qc6b6
22.Bg5e3 Qb6c7
23.Rd1a1 Ba2c4
24.Qe2c2 Rb8d8
25.Bf3e4 g6
26.Ra1xa6 Bf6g7
27.Be3b6 Qc7d6
28.b3 Bc4xb3
29.Bb6xd8 Qd6xa6
30.Qc2xb3 Rf8xd8
31.O-O Rd8f8
32.Rf1b1 Rf8b8
33.Be4d5 Qa6a7
34.h3 Bg7f8
35.Bd5c6 Bf8c5
36.Qb3c2 Qa7a6
37.Qc2e4 Qa6a2
38.Rb1f1 Qa2e6
39.Qe4f3 f5
40.Bc6d5 { resign }
1-0

[Event "Tourn. n8954"]
[Site "www.chess-mail.com"]
[Date "2016.09.10"]
[Round "1"]
[White "Mitja"]
[Black "Bojan"]
[WhiteElo "1900"]
[BlackElo "1950"]
[Result "1-0"]
[Round "1"]
1.d4 d5
2.e3 a6
3.h3 Nb8c6
4.Ng1f3 Qd8d6
5.c3 e5
6.dxe5 Nc6xe5
7.Nf3xe5 Qd6xe5
8.Nb1d2 c5
9.Nd2f3 Qe5d6
10.Bf1d3 Bc8e6
11.Nf3g5 Ng8f6
12.Ng5xe6 Qd6xe6
13.b3 Ra8d8
14.Bc1b2 Nf6d7
15.O-O Qe6f6
16.Ra1b1 Qf6h4
17.Bd3e2 Nd7b6
18.Be2f3 Bf8e7
19.Qd1c2 O-O
20.Rb1d1 Qh4g5
21.a4 Nb6a8
22.c4 Na8c7
23.cxd5 Nc7xd5
24.Bf3xd5 Rd8xd5
25.Rd1xd5 Qg5g6
26.Qc2xg6 fxg6
27.Rd5d7 Be7f6
28.Bb2xf6 { resign }
1-0

[Event "Tourn. n8909"]
[Site "www.chess-mail.com"]
[Date "2016.09.10"]
[Round "1"]
[White "Sachpat"]
[Black "Gimmyg"]
[WhiteElo "2310"]
[BlackElo "2520"]
[Result "1-0"]
[Round "1"]
1.e4 c5
2.Ng1f3 e6
3.d4 cxd4
4.Nf3xd4 Ng8f6
5.Nb1c3 Bf8b4
6.e5 Nf6d5
7.Bc1d2 Nd5xc3
8.bxc3 Bb4e7
9.Qd1g4 g6
10.h4 Nb8c6
11.Nd4xc6 bxc6
12.h5 Qd8a5
13.Qg4g3 g5
14.a3 h6
15.c4 Qa5b6
16.Bf1d3 Ra8b8
17.O-O Be7f8
18.Bd2e3 Qb6a5
19.f4 Bf8g7
20.c5 Qa5c3
21.Qg3f2 gxf4
22.Be3d4 Qc3a5
23.Qf2xf4 Rh8f8
24.Qf4g3 Bg7h8
25.Rf1f2 Kd8
26.Qg3e3 Bc8a6
27.Qe3xh6 Kc7
28.Bd3xa6 Qa5xa6
29.Qh6d2 Qa6c4
30.Ra1d1 Kb7
31.Bd4c3 Ka8
32.Qd2xd7 Qc4e4
33.Rd1e1 Qe4d5
34.Qd7xd5 exd5
35.Re1f1 Rb8b7
36.h6 a5
37.Kh2 a4
38.g4 Kb8
39.g5 { resign }
1-0

[Event "Tourn. n8911"]
[Site "www.chess-mail.com"]
[Date "2016.09.10"]
[Round "1"]
[White "Picifarkinca"]
[Black "Vasylpuzanov"]
[WhiteElo "2000"]
[BlackElo "2080"]
[Result "1-0"]
[Round "1"]
1.Ng1f3 d5
2.c4 dxc4
3.e3 Ng8f6
4.Bf1xc4 Nb8c6
5.O-O Bc8d7
6.d4 e6
7.Qd1e2 Bf8d6
8.Nb1c3 O-O
9.Rf1d1 a6
10.a4 h6
11.e4 e5
12.Nc3d5 Bd7g4
13.Bc1e3 exd4
14.Be3xd4 Nc6xd4
15.Rd1xd4  { time }
1-0

[Event "Tourn. n8889"]
[Site "www.chess-mail.com"]
[Date "2016.09.10"]
[Round "1"]
[White "Jhzes"]
[Black "Mao"]
[WhiteElo "1950"]
[BlackElo "1870"]
[Result "0-1"]
[Round "1"]
1.e4 e5
2.Ng1f3 Nb8c6
3.Bf1b5 a6
4.Bb5c4 Ng8f6
5.Nf3g5 d5
6.exd5 Nf6xd5
7.d3 Bf8e7
8.Qd1f3 Be7xg5
9.Bc4xd5 O-O
10.Bc1xg5 Qd8xg5
11.O-O Nc6d4
12.Qf3e2 c6
13.Bd5xf7 Rf8xf7
14.Qe2d1 Bc8h3
15.g3 Bh3xf1
16.Kxf1 Qg5f5
17.Kg2 Qf5xf2
18.Kh3 Rf7f6
19.Nb1c3 Rf6h6
20.Qd1h5 Rh6xh5
 { time }
0-1

[Event "Match"]
[Site "www.echecsemail.com"]
[Date "2016.09.10"]
[Round "1"]
[White "Pinehill"]
[Black "Ericleo1980"]
[WhiteElo "2070"]
[BlackElo "2130"]
[Result "0-1"]
[Round "1"]
1.e4 c5
2.Ng1f3 d6
3.d4 cxd4
4.Nf3xd4 Ng8f6
5.Nb1c3 a6
6.Bf1e2 e6
7.O-O Bf8e7
8.Bc1e3 Qd8c7
9.f4 b5
10.Be2f3 Bc8b7
11.e5 Nf6d7
12.Bf3xb7 Qc7xb7
13.Qd1f3 Qb7xf3
14.Nd4xf3 Nb8c6
15.exd6 Be7xd6
16.Ra1d1 Bd6c5
17.Be3xc5 Nd7xc5
18.a3 Ra8d8
19.Rd1xd8 Kxd8
20.Nf3e5 Nc6xe5
21.fxe5 Ke7
22.Rf1d1 Nc5d7
23.Rd1e1 Rh8c8
24.Kf2 Rc8c5
25.Kf3 Nd7xe5
26.Kg3 Ne5c4
27.b4 Rc5c8
28.a4 Nc4a3
29.Nc3d5 Kf8
30.Nd5f4 Rc8xc2
31.axb5 Rc2c3
32.Kh4 axb5
33.g4 h6
34.g5 Rc3c4
35.Kg4 hxg5
36.Kxg5 Rc4xb4
37.h4 f6
{ resign }
0-1

[Event "Match"]
[Site "www.echecsemail.com"]
[Date "2016.09.10"]
[Round "1"]
[White "Pare123"]
[Black "4m6az"]
[WhiteElo "1960"]
[BlackElo "1989"]
[Result "1-0"]
[Round "1"]
1.c4 g6
2.d4 Bf8g7
3.e4 Nb8c6
4.e5 e6
5.Nb1c3 Nc6xe5
6.dxe5 Bg7xe5
7.Bc1d2 Qd8f6
8.Ng1f3 d6
9.Ra1c1 c6
10.Bd2g5 Qf6f5
11.Bf1d3 Qf5g4
12.g3 Be5xc3
13.Rc1xc3 f6
14.h3 { resign }
1-0

[Event "Match"]
[Site "www.echecsemail.com"]
[Date "2016.09.10"]
[Round "1"]
[White "Frisker"]
[Black "4m6az"]
[WhiteElo "2300"]
[BlackElo "1809"]
[Result "1-0"]
[Round "1"]
1.d4 b6
2.c4 Ng8f6
3.Nb1c3 e6
4.a3 Bc8b7
5.Bc1g5 h6
6.Bg5h4 Bf8d6
7.f3 Bd6f4
8.Bh4f2 d6
9.e3 Bf4g5
10.h4 Bg5xh4
11.Bf2xh4 Nb8d7
12.Bf1d3 g5
13.Bh4f2 Qd8e7
14.Nc3b5 Qe7d8
15.a4 g4
16.a5 a6
17.Nb5c3 bxa5
18.e4 gxf3
19.gxf3 c5
20.Ng1e2 cxd4
21.Ne2xd4 Nd7c5
22.Bf2h4 e5
23.Nd4f5 Bb7c8
24.Nc3d5 Nc5d7
25.Nf5xd6 Kf8
26.c5 Ra8b8
27.c6 { resign }
1-0

[Event "Match"]
[Site "www.echecsemail.com"]
[Date "2016.09.10"]
[Round "1"]
[White "Osmundw"]
[Black "Chessticles"]
[WhiteElo "1430"]
[BlackElo "1269"]
[Result "1-0"]
[Round "1"]
1.e4 g6
2.d3 f5
3.h3 Ng8f6
4.g4 fxe4
5.g5 Nf6d5
6.Bf1g2 e6
7.dxe4 Nd5b6
8.Bc1d2 d5
9.b3 h5
10.c4  { time }
1-0

[Event "Match"]
[Site "www.echecsemail.com"]
[Date "2016.09.10"]
[Round "1"]
[White "4m6az"]
[Black "Fkarpov"]
[WhiteElo "1809"]
[BlackElo "2090"]
[Result "0-1"]
[Round "1"]
1.e4 e5
2.Ng1f3 Ng8f6
3.Nf3xe5 Qd8e7
4.d3 Qe7xe5
5.g3 Bf8c5
6.Nb1c3 Bc5d4
7.Bc1d2 Qe5c5
8.Qd1e2 O-O
9.Bf1g2 Nb8c6
10.a3 Qc5b6
11.b4 a5
12.Ra1a2 Bd4xc3
13.Bd2xc3 axb4
14.Bc3xf6 gxf6
15.a4 d6
16.Qe2d2 Nc6d4
17.c4 b3
18.Ra2b2 Ra8xa4
19.O-O Bc8g4
20.h3 Bg4f3
21.Kh2 Qb6c5
22.Qd2c3 Bf3xg2
23.Kxg2 b5
24.f4 bxc4
25.Rf1d1 Rf8e8
26.Qc3e1 c3
27.Rb2f2 c2
{ resign }
0-1

[Event "1/32 Finale"]
[Site "www.chess-mail.com"]
[Date "2016.09.10"]
[Round "1"]
[White "Bevittsmith"]
[Black "Vega"]
[WhiteElo "2270"]
[BlackElo "2590"]
[Result "0-1"]
[Round "1"]
1.e4 e5
2.Ng1f3 Nb8c6
3.Bf1b5 a6
4.Bb5a4 Ng8f6
5.O-O b5
6.Ba4b3 Bc8b7
7.d3 Bf8c5
8.Nb1c3 O-O
9.a4 b4
10.Nc3d5 Nc6a5
11.Nd5xf6 Qd8xf6
12.Bb3d5 Bb7xd5
13.exd5 Qf6d6
14.Bc1e3 Bc5xe3
15.fxe3 Qd6xd5
16.e4 Qd5c5
17.Kh1 Na5c6
18.c3 bxc3
19.Ra1c1 c2
20.Rc1xc2 Qc5d6
21.Rc2c3 Ra8b8
22.Qd1d2 f5
{ resign }
0-1

[Event "1/128 Finale"]
[Site "www.chess-mail.com"]
[Date "2016.09.10"]
[Round "1"]
[White "Kampungboy"]
[Black "Cal"]
[WhiteElo "2370"]
[BlackElo "1750"]
[Result "1-0"]
[Round "1"]
1.e4 e5
2.f4 d6
3.Ng1f3 exf4
4.d4 g5
5.Nb1c3 a6
6.g3 Bf8e7
7.gxf4 g4
8.Nf3g1 f5
9.Ng1e2 Be7h4
10.Ne2g3 Bc8d7
11.e5 dxe5
12.fxe5 Bd7e6
13.d5 Be6d7
14.Bf1g2 Bh4xg3
15.hxg3 Qd8e7
16.Bc1f4 h5
17.e6 Bd7b5
18.a4 Bb5c4
19.Qd1d4 Ng8f6
20.Qd4xc4 O-O
21.Qc4xc7 Qe7b4
22.Bf4d6 Qb4xb2
23.Bd6xf8 Qb2xa1
24.Kd2 Qa1xa4
25.Qc7g7 
1-0

[Event "1/32 Finale"]
[Site "www.chess-mail.com"]
[Date "2016.09.10"]
[Round "1"]
[White "Picifarkinca"]
[Black "Llord"]
[WhiteElo "1990"]
[BlackElo "1920"]
[Result "1-0"]
[Round "1"]
1.Ng1f3 Nb8c6
2.g3 e5
3.d3 Bf8c5
4.Bf1g2 Ng8f6
5.O-O O-O
6.c3 d5
7.b4 Bc5d6
8.a4 Bc8d7
9.Bc1b2 a6
10.Nb1d2 e4
11.dxe4 dxe4
12.Nf3g5 Rf8e8
13.Ng5xe4 Nf6xe4
14.Nd2xe4 Bd6e5
15.Ne4c5 Re8e7
16.Ra1b1 Bd7g4
17.Qd1xd8 Ra8xd8
18.e3 b5
19.Bg2xc6 bxa4
20.Nc5xa4 Bg4h3
21.Bc6g2 Bh3g4
22.f3 Bg4e6
23.Na4c5 Be6c4
24.Rf1d1 Rd8e8
25.f4 Be5d6
26.Bg2c6 Re8d8
27.Kf2 h6
28.Rd1d4 Bc4b5
29.Bc6xb5 axb5
30.Rb1a1 Rd8e8
31.Bb2c1 Bd6xc5
32.bxc5 f5
33.Ra1a7 Kh7
34.c6 h5
35.Rd4d7 Re7e6
36.Ra7xc7 Kh6
37.Rd7xg7 h4
38.Rg7h7 Kg6
39.Rh7xh4 Re8b8
40.Rc7h7 { resign }
1-0

[Event "1/64 Finale"]
[Site "www.chess-mail.com"]
[Date "2016.09.10"]
[Round "1"]
[White "Llord"]
[Black "Franciscus"]
[WhiteElo "1920"]
[BlackElo "2069"]
[Result "0-1"]
[Round "1"]
1.e4 e5
2.Ng1f3 Nb8c6
3.Bf1c4 Ng8f6
4.Nb1c3 Nf6xe4
5.Nc3xe4 d5
6.Bc4xd5 Qd8xd5
7.d3 Bc8g4
8.h3 Bg4h5
9.O-O O-O-O
10.c4 Qd5xd3
11.Qd1xd3 Rd8xd3
12.Bc1e3 Bh5xf3
13.gxf3 f5
14.Ne4g5 f4
15.Be3c1 Bf8e7
16.Ng5f7 Rh8f8
17.Nf7xe5 Nc6xe5
18.Bc1xf4 Rf8xf4
19.Ra1e1 Ne5xf3
20.Kg2 Be7d6
21.Re1e8 Kd7
22.Re8e3 Rd3xe3
23.fxe3 Nf3h4
24.Kg1 Rf4xc4
25.Rf1f7 Ke6
26.Rf7xg7 Rc4c1
27.Kf2 Rc1c2
28.Ke1 Nh4f5
29.Rg7xh7 Bd6g3
30.Kd1 Nf5xe3

0-1

[Event "Eq:Slap Shot Mates-Los Tercios : "]
[Site "www.chess-mail.com"]
[Date "2016.09.10"]
[Round "1"]
[White "Leswamp"]
[Black "Heiserman"]
[WhiteElo "2380"]
[BlackElo "2360"]
[Result "1-0"]
[Round "1"]
1.e4 c6
2.d4 d5
3.Nb1d2 dxe4
4.Nd2xe4 Bc8f5
5.Ne4g3 Bf5g6
6.h4 h6
7.Ng1f3 Nb8d7
8.h5 Bg6h7
9.Bf1d3 Bh7xd3
10.Qd1xd3 e6
11.Bc1d2 Ng8f6
12.O-O-O a5
13.Kb1  { time }
1-0

[Event "Fast Game"]
[Site "www.echecsemail.com"]
[Date "2016.09.10"]
[Round "1"]
[White "4m6az"]
[Black "Yvis92"]
[WhiteElo "1759"]
[BlackElo "1599"]
[Result "1-0"]
[Round "1"]
1.e3 f5
2.Qd1h5 g6
3.Qh5e2 Bf8g7
4.d4 Nb8c6
5.a3 e5
6.d5 Nc6e7
7.c4 Ng8f6
8.f3 d6
9.Nb1c3 c6
10.Qe2d2 O-O
11.b4 cxd5
12.cxd5 Bc8d7
13.Bc1b2 Bg7h6
14.Bf1c4 Qd8b6
15.Nc3d1 a5
16.bxa5 Ra8xa5
17.Bb2xe5 dxe5
18.d6  { time }
1-0

[Event "Tourn. n8894"]
[Site "www.chess-mail.com"]
[Date "2016.09.11"]
[Round "1"]
[White "Sachpat"]
[Black "Egdiogel"]
[WhiteElo "2290"]
[BlackElo "2189"]
[Result "1-0"]
[Round "1"]
1.e4 c6
2.d4 d5
3.Nb1c3 dxe4
4.Nc3xe4 Nb8d7
5.Bf1c4 Ng8f6
6.Ne4g5 Nf6d5
7.Ng1f3 h6
8.Ng5e4 Nd7b6
9.Bc4b3 Bc8f5
10.Ne4g3 Bf5h7
11.O-O e6
12.Nf3e5 Nb6d7
13.Qd1e2 Nd7xe5
14.dxe5 Bf8e7
15.a3 O-O
16.c4 Nd5b6
17.Rf1d1 Qd8c7
18.f4 Ra8d8
19.Bc1e3 Rd8xd1
20.Ra1xd1 Rf8d8
21.Rd1xd8 Qc7xd8
22.Bb3c2 a6
23.Bc2xh7 Kxh7
24.Ng3e4 Nb6c8
25.g3 Qd8d7
26.Ne4d6 Nc8xd6
27.Qe2d3 g6
28.c5 Be7d8
29.exd6 h5
30.Be3d4 Kg8
31.b4 Qd7e8
32.Qd3c3 Kh7
33.Bd4f6 Qe8d7
34.Qc3e5 Qd7e8
35.Qe5g5 { resign }
1-0

[Event "Tourn. n8897"]
[Site "www.chess-mail.com"]
[Date "2016.09.11"]
[Round "1"]
[White "Emiondi"]
[Black "Vasylpuzanov"]
[WhiteElo "2170"]
[BlackElo "2080"]
[Result "1-0"]
[Round "1"]
1.d4 d5
2.c4 e6
3.Ng1f3 Ng8f6
4.Nb1c3 Bf8b4
5.Bc1g5 Nb8c6
6.e3 h6
7.Bg5xf6 Bb4xc3
8.bxc3 Qd8xf6
9.Bf1d3 Bc8d7
10.Ra1b1 Ra8b8
11.cxd5 exd5
12.Qd1c2 O-O
13.O-O a6
14.a4 Bd7g4
15.Bd3e2 Rf8e8
16.h3 Bg4xf3
{ time. }
1-0

[Event "Tourn. n8922"]
[Site "www.chess-mail.com"]
[Date "2016.09.11"]
[Round "1"]
[White "Xkafi"]
[Black "Fred"]
[WhiteElo "1870"]
[BlackElo "2040"]
[Result "1-0"]
[Round "1"]
1.e4 e5
2.Bf1c4 Bf8c5
3.d3 d6
4.Ng1f3 h6
5.h3 Bc8e6
6.Bc4xe6 fxe6
7.Nf3d2 Qd8f6
8.O-O Ng8e7
9.Nd2f3 O-O
10.Nb1c3 c6
11.Nc3a4 Nb8d7
12.Na4xc5 Nd7xc5
13.Bc1e3 b6
14.Nf3h2 d5
15.exd5 exd5
16.Nh2g4 Qf6e6
17.Rf1e1 Ra8e8
18.b4 Nc5d7
19.c4 e4
20.Be3d4 dxc4
21.Re1xe4 Qe6g6
22.Ra1c1 cxd3
23.Qd1xd3 Ne7f5
24.Re4xe8 Qg6xe8
25.Bd4b2 c5
26.bxc5 Nd7xc5
27.Qd3d5 Kh8
28.Qd5d2 Nc5e4
29.Qd2c2 b5
30.Rc1e1 Nf5d6
31.f3 h5
32.Ng4e5 Kg8
33.fxe4 Rf8f4
34.Qc2b3 Kh7
35.Qb3g3 Rf4xe4
36.Re1xe4 Nd6xe4
37.Qg3d3 Qe8a8
38.Ne5f3 g6
39.Qd3d7 Kg8
40.Qd7g7 { resign }
1-0

[Event "Tourn. n8963"]
[Site "www.chess-mail.com"]
[Date "2016.09.11"]
[Round "1"]
[White "Bojan"]
[Black "Guidom"]
[WhiteElo "1930"]
[BlackElo "2010"]
[Result "0-1"]
[Round "1"]
1.e4 e5
2.Bf1c4 d6
3.Ng1f3 Bf8e7
4.h3 Ng8f6
5.d3 Nb8c6
6.a3 O-O
7.Nb1c3 Bc8e6
8.Nc3d5 Nc6a5
9.Nd5xe7 Qd8xe7
10.Bc4a2 c5
11.b3 Na5c6
12.Nf3g5 Nc6d4
13.Ng5xe6 Nd4xe6
14.c3 b5
15.b4 Ra8c8
16.Bc1e3 Nf6d7
17.Ra1c1 Nd7b6
18.O-O Ne6f4
19.Qd1g4 Nf4xd3
20.Be3h6 Qe7f6
21.Bh6g5 Qf6g6
22.Rc1d1 c4
23.Bg5e3 Rc8c6
24.Ba2b1 Nd3b2
25.Rd1d2 Nb2a4
26.Rf1c1 a6
27.f4 Qg6xg4
28.hxg4 f6
29.f5 Kf7
30.g5 Ke7
31.gxf6 gxf6
32.Kf2 Rf8f7
33.Rd2d1 Rf7g7
34.Rd1h1 d5
35.Be3xb6 Na4xb6
36.exd5 Nb6xd5
37.Bb1e4 Rc6d6
38.Rh1h3 Nd5f4
39.Rh3g3 Rg7xg3
40.Kxg3 Nf4e2
{ resign }
0-1

[Event "Tourn. n8922"]
[Site "www.chess-mail.com"]
[Date "2016.09.11"]
[Round "1"]
[White "Picifarkinca"]
[Black "Xkafi"]
[WhiteElo "1980"]
[BlackElo "1870"]
[Result "0-1"]
[Round "1"]
1.e4 e5
2.f4 Qd8h4
3.g3 Qh4f6
4.Qd1f3 Bf8c5
5.Ng1e2 d6
6.f5 g6
7.Bf1h3 Ng8e7
8.Rh1f1 gxf5
9.Bh3xf5 Ne7xf5
10.exf5 Rh8g8
11.Nb1c3 c6
12.Nc3e4 Qf6d8
13.Ne4xc5 dxc5
14.d3 Qd8a5
15.Bc1d2 Qa5a4
16.Ne2c3 Qa4xc2
17.Qf3e2 f6
18.Qe2h5 Kd8
19.Qh5xh7 Rg8e8
20.Nc3e4 Qc2xb2
21.Kf2 Nb8d7
22.Kg1 Qb2d4
23.Kh1 Qd4xd3
24.Ne4xc5 Qd3d5
{ resign }
0-1

[Event "Tourn. n8905"]
[Site "www.chess-mail.com"]
[Date "2016.09.11"]
[Round "1"]
[White "Bojan"]
[Black "Picifarkinca"]
[WhiteElo "1930"]
[BlackElo "1990"]
[Result "0-1"]
[Round "1"]
1.d4 d5
2.Ng1f3 Ng8f6
3.Nb1c3 e6
4.a3 c5
5.dxc5 Bf8xc5
6.h3 O-O
7.Bc1g5 Nb8d7
8.e4 dxe4
9.Nc3xe4 Bc5e7
10.c3 Nf6xe4
11.Bg5xe7 Qd8xe7
12.Qd1c2 Nd7f6
13.Bf1d3 Ne4c5
14.Bd3e2 e5
15.O-O Nc5d7
16.Nf3h2 Nd7c5
17.b4 Nc5e4
18.Nh2f3 Bc8d7
19.Kh2 Ra8c8
20.c4 Ne4d6
21.c5 Nd6b5
22.Rf1d1 b6
23.Qc2a4 Nb5d4
24.Qa4xa7 bxc5
25.bxc5 Nd4xf3
26.Be2xf3 e4
27.Rd1e1 Qe7xc5
28.Qa7xc5 Rc8xc5
29.Bf3xe4 Nf6xe4
30.Re1xe4 Rc5a5
31.Re4e3 Ra5a4
32.Kg3 Bd7e6
33.Re3c3 Rf8a8
34.f3 Kf8
35.Kf2 Ra4c4
36.Rc3e3 Rc4c2
37.Kg3 Ra8a4
38.Re3d3 Ke8
39.Rd3e3 Ke7
40.f4 Kf6
41.Re3d3 Rc2c4
42.Ra1f1 Rc4c8
43.Kf3 Be6c4
{ resign }
0-1

[Event "Tourn. n8902"]
[Site "www.chess-mail.com"]
[Date "2016.09.11"]
[Round "1"]
[White "Picifarkinca"]
[Black "Bronstein70"]
[WhiteElo "1980"]
[BlackElo "1939"]
[Result "0-1"]
[Round "1"]
1.e4 d5
2.exd5 Qd8xd5
3.Nb1c3 Qd5e5
4.Qd1e2 Nb8c6
5.Qe2xe5 Nc6xe5
6.d4 Ne5g6
7.Ng1f3 c6
8.Bf1d3 Ng8f6
9.O-O e6
10.Rf1e1 Bf8d6
11.Bd3xg6 hxg6
12.h3 b6
13.Bc1g5 Bc8b7
14.Ra1d1 Bd6b4
15.Re1e3 Bb4e7
16.Bg5xf6 gxf6
17.Nc3e4 O-O-O
18.c4 c5
19.Re3e1 cxd4
20.Rd1xd4 Rd8xd4
21.Nf3xd4 Rh8h4
{ resign }
0-1